Southville International School and Colleges
Your cart is empty.
  • Cart
  • Lists
    Public lists Eva Luna New books Lux_list list_1
    Your lists Log in to create your own lists
  • Log in to your account
  • Your cookies
  • Search history
Southville International School and Colleges
  • Advanced search
  • Recent comments
  • Most popular
  • Libraries

Log in to your account

Log in with GOOGLE


If you do not have an external account, but do have a local account, you can still log in:

  1. Home
  2. MARC view: Lippincott's essentials for nursing assistants :
Normal view MARC view ISBD view

Lippincott's essentials for nursing assistants : (Record no. 288805)

[ view plain ]
MARC details
000 -LEADER
fixed length control field 01269cam a2200301 a 4500
001 - CONTROL NUMBER
control field 15378134
003 - CONTROL NUMBER IDENTIFIER
control field PILC
005 - DATE AND TIME OF LATEST TRANSACTION
control field 20151005121727.0
008 - FIXED-LENGTH DATA ELEMENTS--GENERAL INFORMATION
fixed length control field 080723s2010 paua 000 0 eng
010 ## - LIBRARY OF CONGRESS CONTROL NUMBER
LC control number 2008032360
020 ## - INTERNATIONAL STANDARD BOOK NUMBER
International Standard Book Number 9781605470030 (alk. paper)
020 ## - INTERNATIONAL STANDARD BOOK NUMBER
International Standard Book Number 1605470031 (alk. paper)
035 ## - SYSTEM CONTROL NUMBER
System control number (OCoLC)ocn236117378
035 ## - SYSTEM CONTROL NUMBER
System control number (OCoLC)236117378
040 ## - CATALOGING SOURCE
Original cataloging agency DLC
Transcribing agency DLC
Modifying agency YDX
-- BAKER
-- YDXCP
-- DLC
050 10 - LIBRARY OF CONGRESS CALL NUMBER
Classification number RT8 4
Item number .C37 2010
082 00 - DEWEY DECIMAL CLASSIFICATION NUMBER
Classification number 610.7306/98
100 1# - MAIN ENTRY--PERSONAL NAME
Personal name Carter, Pamela J.
245 10 - TITLE STATEMENT
Title Lippincott's essentials for nursing assistants :
Statement of responsibility, etc Pamela J. Carter.
Remainder of title a humanistic approach to caregiving /
260 ## - PUBLICATION, DISTRIBUTION, ETC. (IMPRINT)
Place of publication, distribution, etc Philadelphia :
Name of publisher, distributor, etc Wolters Kluwer/Lippincott Williams & Wilkins,
Date of publication, distribution, etc 2010.
300 ## - PHYSICAL DESCRIPTION
Extent vii, 315 pages :
Other physical details illustrations ;
Dimensions 28 cm. +
Accompanying material 1 CD.
650 #0 - SUBJECT ADDED ENTRY--TOPICAL TERM
Topical term or geographic name as entry element Nurses' aides
Form subdivision Problems, exercises, etc.
700 1# - ADDED ENTRY--PERSONAL NAME
Personal name Carter, Pamela J.
Title of a work Lippincott's essentials for nursing assistants.
856 41 - ELECTRONIC LOCATION AND ACCESS
Materials specified Table of contents only
Uniform Resource Identifier <a href="http://www.loc.gov/catdir/toc/ecip0824/2008032360.html">http://www.loc.gov/catdir/toc/ecip0824/2008032360.html</a>
906 ## - LOCAL DATA ELEMENT F, LDF (RLIN)
a 7
b cbc
c orignew
d 1
e ecip
f 20
g y-gencatlg
942 ## - ADDED ENTRY ELEMENTS (KOHA)
Source of classification or shelving scheme Library of Congress Classification
Koha item type Books
Call number prefix Foreign
Holdings
Withdrawn status Lost status Source of classification or shelving scheme Damaged status Home library Current library Shelving location Date acquired Source of acquisition Sub Shelving location Total Checkouts Full call number Barcode Date last seen Price effective from Koha item type
    Library of Congress Classification   College Library College Library General Circulation Section 10/05/2015 Donation     RT8 4 .C37 2010 C20109 05/15/2018 10/05/2015 Books

Lippincott's essentials for nursing assistants :

APA

Carter P. J., Carter P. J., . (2010). Lippincott's essentials for nursing assistants. Philadelphia: Wolters Kluwer/Lippincott Williams & Wilkins.

Chicago

Carter Pamela J, Carter Pamela J, . 2010. Lippincott's essentials for nursing assistants. Philadelphia: Wolters Kluwer/Lippincott Williams & Wilkins.

Harvard

Carter P. J., Carter P. J., . (2010). Lippincott's essentials for nursing assistants. Philadelphia: Wolters Kluwer/Lippincott Williams & Wilkins.

MLA

Carter Pamela J, Carter Pamela J, . Lippincott's essentials for nursing assistants. Philadelphia: Wolters Kluwer/Lippincott Williams & Wilkins. 2010.

  • Place hold
  • Print
  • Cite
  • Add to your cart (remove)
  • Save record
    BIBTEX Dublin Core MARCXML MARC (non-Unicode/MARC-8) MARC (Unicode/UTF-8) MARC (Unicode/UTF-8, Standard) MODS (XML) RIS
  • More searches
    Search for this title in:
    Other Libraries (WorldCat) Other Databases (Google Scholar) Online Stores (Bookfinder.com) Open Library (openlibrary.org)

Exporting to Dublin Core...

SOUTHVILLE LIBRARY

Southville International School and Colleges Library

1281 Tropical Ave. Cor. Luxembourg St., BF Homes International, Las Pinas City

Tel. No. 8256374 / 252358 Loc. 117/146

Powered by Koha